[Event "Torun op"]
[Site "Torun"]
[Date "2002.??.??"]
[Round "4"]
[White "Kotulska, Katarzyna"]
[Black "Kwapisiewicz, A."]
[Result "1-0"]
[WhiteElo "1400"]
[BlackElo "1400"]
[PlyCount "53"]
[EventDate "2002.??.??"]
[EventType "swiss"]
[EventRounds "9"]
[EventCountry "POL"]
[SourceTitle "EXT 2007"]
[Source "ChessBase"]
[SourceDate "2006.11.23"]
[SourceVersion "1"]
[SourceVersionDate "2006.11.23"]
[SourceQuality "1"]

1. e4 e5 2. Nf3 Nc6 3. Bb5 Bc5 4. Bxc6 bxc6 5. Nxe5 Qe7 6. d4 Bd6 7. Qd3 Bxe5 8. dxe5 Qxe5 9. Nc3 d6 10. b3 Nf6 11. f3 d5 12. Bb2 0-0 13. 0-0-0 d4 14. Qxd4 Qxd4 15. Rxd4 c5 16. Rd2 Be6 17. Ba3 Nd7 18. Rhd1 Rad8 19. Bxc5 Rfe8 20. Bxa7 Ra8 21. Be3 Ra3 22. Kb2 Ra6 23. Nb5 Rea8 24. a4 Ra5 25. Nxc7 Rb8 26. Nxe6 fxe6 27. Rxd7 1-0

[Event "Torun op"]
[Site "Torun"]
[Date "2002.??.??"]
[Round "5"]
[White "Kwapisiewicz, A."]
[Black "Brzezinska, Martyna"]
[Result "0-1"]
[WhiteElo "1400"]
[BlackElo "1400"]
[PlyCount "40"]
[EventDate "2002.??.??"]
[EventType "swiss"]
[EventRounds "9"]
[EventCountry "POL"]
[SourceTitle "EXT 2007"]
[Source "ChessBase"]
[SourceDate "2006.11.23"]
[SourceVersion "1"]
[SourceVersionDate "2006.11.23"]
[SourceQuality "1"]

1. e4 e5 2. Nf3 Nc6 3. Bc4 Nf6 4. Nc3 Bb4 5. d3 d6 6. a3 Bxc3+ 7. bxc3 h6 8. Be3 Bg4 9. h3 Bh5 10. 0-0 0-0 11. Rb1 Rb8 12. d4 exd4 13. cxd4 Nxe4 14. Bd3 Nc3 15. Qd2 Nxb1 16. Rxb1 Bxf3 17. Bxh6 Qf6 18. Be3 Bh5 19. c3 Bg6 20. Bg5 Qe6 0-1

[Event "Torun op"]
[Site "Torun"]
[Date "2002.??.??"]
[Round "3"]
[White "Kwapisiewicz, A."]
[Black "Chmielecka, Magdalena"]
[Result "0-1"]
[WhiteElo "1400"]
[BlackElo "1600"]
[PlyCount "58"]
[EventDate "2002.??.??"]
[EventType "swiss"]
[EventRounds "9"]
[EventCountry "POL"]
[SourceTitle "EXT 2007"]
[Source "ChessBase"]
[SourceDate "2006.11.23"]
[SourceVersion "1"]
[SourceVersionDate "2006.11.23"]
[SourceQuality "1"]

1. e4 c5 2. Nf3 Nc6 3. Bc4 g6 4. d3 Bg7 5. Bf4 d6 6. Nc3 Nf6 7. 0-0 0-0 8. Nd5 Nxd5 9. Bxd5 Bxb2 10. Rb1 Bg7 11. Qd2 Re8 12. c3 Qa5 13. Rbc1 Bd7 14. d4 cxd4 15. cxd4 Qxd2 16. Bxd2 Rab8 17. Bc3 Rec8 18. Rfe1 e6 19. Bc4 Ne7 20. Be2 Bh6 21. Nd2 b5 22. Bg4 b4 23. Bb2 Bxd2 24. Rxc8+ Rxc8 25. Rd1 Rc2 26. Rb1 a5 27. d5 a4 28. a3 b3 29. e5 dxe5 0-1